[Event "Saint Affrique op 22nd"]
[Site "Saint Affrique"]
[Date "2014.07.20"]
[Round "2"]
[White "Grosse, Ludovic"]
[Black "Lalot, Hugues"]
[Result "1/2-1/2"]
[WhiteElo "1903"]
[BlackElo "1573"]
[PlyCount "58"]
[EventDate "2014.07.19"]
[EventType "swiss"]
[EventRounds "9"]
[EventCountry "FRA"]
[SourceTitle "CBM 161 Extra"]
[Source "ChessBase"]
[SourceDate "2014.08.29"]
[SourceVersion "1"]
[SourceVersionDate "2014.08.29"]
[SourceQuality "1"]

1. d4 Nf6 2. c4 e5 3. dxe5 Ng4 4. Nf3 Bc5 5. e3 Nc6 6. Be2 0-0 7. 0-0 Ngxe5 8. Nc3 Nxf3+ 9. Bxf3 Ne5 10. Ne4 Qe7 11. Nxc5 Qxc5 12. Be2 a5 13. b3 Ra6 14. Qd4 Qxd4 15. exd4 Ng6 16. Re1 Re6 17. Bd2 b6 18. Bf3 Rfe8 19. g3 Rxe1+ 20. Rxe1 Rxe1+ 21. Bxe1 d6 22. Bc3 Bf5 23. c5 Bb1 24. a3 Bc2 25. cxd6 cxd6 26. b4 a4 27. b5 Ne7 28. g4 Nc8 29. Bb4 Na7 1/2-1/2

[Event "La Fere op 11th"]
[Site "La Fere"]
[Date "2012.07.14"]
[Round "9"]
[White "Vekemans, Sylvain"]
[Black "Lalot, Hugues"]
[Result "1-0"]
[WhiteElo "1779"]
[BlackElo "1612"]
[PlyCount "101"]
[EventDate "2012.07.07"]
[EventType "swiss"]
[EventRounds "9"]
[EventCountry "FRA"]
[SourceTitle "CBM 149 Extra"]
[Source "ChessBase"]
[SourceDate "2012.08.24"]
[SourceVersion "1"]
[SourceVersionDate "2012.08.24"]
[SourceQuality "1"]

1. c4 Nf6 2. Nc3 e6 3. g3 d5 4. cxd5 exd5 5. Bg2 c6 6. d3 Be7 7. Nf3 0-0 8. 0-0 Bf5 9. a3 Nbd7 10. b4 Qc7 11. Rb1 Rab8 12. Nd4 Bg6 13. Bf4 Bd6 14. Ncb5 cxb5 15. Nxb5 Qb6 16. Nxd6 Rbd8 17. e4 Nh5 18. Qc1 Nxf4 19. Qxf4 Nf6 20. Nf5 dxe4 21. dxe4 Rfe8 22. Rbd1 Bxf5 23. Qxf5 Qc7 24. Qc5 Qb8 25. Rfe1 b6 26. Qe3 Ng4 27. Qg5 Ne5 28. Rxd8 Rxd8 29. Qf4 f6 30. Rc1 Rd3 31. Qf5 Rd7 32. f4 Nd3 33. Qxd7 Nxc1 34. Qe6+ Kf8 35. Qc4 Qd6 36. Qxc1 Qd4+ 37. Kh1 Qf2 38. Qc8+ Kf7 39. Qc7+ Kg6 40. f5+ Kh5 41. Qf4 Qxf4 42. gxf4 Kg4 43. Kg1 Kxf4 44. Kf2 Ke5 45. Ke3 b5 46. h4 g6 47. Bh3 g5 48. h5 h6 49. Bg4 a6 50. Bf3 Kd6 51. Kd4 1-0

[Event "La Fere op 11th"]
[Site "La Fere"]
[Date "2012.07.09"]
[Round "4"]
[White "Boudier, Eric"]
[Black "Lalot, Hugues"]
[Result "1-0"]
[WhiteElo "1810"]
[BlackElo "1612"]
[PlyCount "33"]
[EventDate "2012.07.07"]
[EventType "swiss"]
[EventRounds "9"]
[EventCountry "FRA"]
[SourceTitle "CBM 149 Extra"]
[Source "ChessBase"]
[SourceDate "2012.08.24"]
[SourceVersion "1"]
[SourceVersionDate "2012.08.24"]
[SourceQuality "1"]

1. Nc3 c5 2. e4 Nc6 3. f4 g6 4. Nf3 Bg7 5. Bc4 e6 6. d3 Nge7 7. 0-0 0-0 8. Qe1 a6 9. a4 d5 10. Bb3 Rb8 11. Qg3 b5 12. f5 Rb7 13. Bg5 exf5 14. Nxd5 Qe8 15. Nf6+ Bxf6 16. Bxf6 h6 17. Qh4 1-0